Model tax convention on income and on capital 29 april 2000

Uložené v:
Podrobná bibliografia
Korporativný autor: OECD. Committee on Fiscal Affairs
Médium: Kniha
Jazyk:English
Vydavateľské údaje: Paris OECD 2000
Vydanie:4. ed.
Edícia:Taxation
Predmet:
Tagy: Pridať tag
Žiadne tagy, Buďte prvý, kto otaguje tento záznam!

MARC

LEADER 00000nam a2200000 4500
001 c123980
005 20221108092221.5
020 |a 92-64-18549-6 
041 0 |a eng 
044 |a FR 
245 1 0 |a Model tax convention on income and on capital  |b 29 april 2000 
250 |a 4. ed. 
264 1 |a Paris  |b OECD  |c 2000 
300 |a 308 s. 
490 1 |a Taxation 
830 0 |a Taxation 
610 2 0 |a dane 
610 2 0 |a dane z príjmov 
610 2 0 |a kapitál 
610 2 0 |a dohody medzinárodné 
610 2 0 |a zmluvy medzinárodné 
610 2 0 |a modely 
610 2 0 |a OECD 
710 2 |a OECD. Committee on Fiscal Affairs